Statistics for Guess the language(they all mean Hello)

Click here to take the quiz!

General Stats

  • This quiz has been taken 23 times
  • The average score is 17 of 30

Answer Stats

ClueAnswer% Correct
BonjourFrench
94%
PrivetRussian
94%
HeiFinnish
89%
Ni haoChinese
83%
ZdravstvuyteUkrainian
83%
MarhabbaanArabic
78%
ZdravoCroatian
78%
HejDanish
78%
NamasteHindi
78%
AhojCzech
72%
TereEstonian
67%
PershendetjeAlbanian
61%
SveikiLatvian
61%
GeiaGreek
56%
Nyob zooHmong
56%
Buna ziuaRomanian
56%
SwasdiThai
56%
BarevArmenian
50%
HelliHungarian
50%
SalveLatin
50%
Dobry dzienBelarusian
44%
GamarjobaGeorgian
44%
NamaskaraNepali
44%
Dia dhuitIrish
39%
SabaidiLao
39%
SalomUzbek
33%
Iwi selami newiAmharic
28%
Sata sri akalaPanjabi
22%
Waad salaaman tihiinSomali
22%
SalamaMalagasy
0%

Score Distribution

Percentile by Number Answered

Percent of People with Each Score

Your Score History

You have not taken this quiz